| 000 | 00549nam a2200193 u 4500 | ||
|---|---|---|---|
| 005 | 20210223132107.0 | ||
| 008 | 130529s2005 es r 000 0 spa d | ||
| 020 | _a3833113634 | ||
| 035 | _aUPN01000191418 | ||
| 049 | _aCG | ||
| 050 | 4 |
_aN7113 D3 _bW4.7 |
|
| 100 | 1 |
_aWeyers, Frank _933970 |
|
| 245 | 1 | 0 |
_aSalvador Dalí : _bvida y obra / _cFrank Weyers ; tr. Carme Colominas. |
| 260 |
_aBarcelona, Esp. : _bKönemann, _c2005. |
||
| 300 |
_a95 p. : _bil. |
||
| 600 | 1 | 4 |
_aDALI, SALVADOR, _d1904-1989 _912919 |
| 905 | _aLibro | ||
| 999 |
_c163521 _d163521 |
||